Oferty miast na organizację Zimowych Igrzysk Olimpijskich - Statystyki

Ogólne statystyki
  • Ten quiz został rozwiązany 37 razy
  • Średni wynik to 20 z 64
Statystyki odpowiedzi
# Lata Miasto % Poprawnych
1 2026 Mediolan
82%
5 1932, 1944, 1952, 1968, 2022 Oslo
82%
1 2022 Pekin
79%
1 2006 Zakopane
76%
2 2002, 2014 Soczi
73%
3 1960, 1964, 1976 Innsbruck
70%
5 1940, 1968, 1972, 1984, 2026 Sapporo
70%
1 2006 Turyn
70%
3 1976, 1980, 2010 Vancouver
70%
1 2006 Helsinki
67%
3 1972, 1998, 2002 Salt Lake City
64%
2 2022, 2026 Sztokholm
64%
6 1944, 1952, 1956, 1988, 1992, 2026 Cortina d'Ampezzo
55%
3 2010, 2014, 2018 Pjongczang
55%
2 1984, 2010 Sarajewo
55%
4 1964, 1968, 1988, 2026 Calgary
52%
1 2022 Kraków
52%
2 1992, 1994 Lillehammer
52%
1 2018 Monachium
48%
1 1998 Nagano
48%
1 2010 Berno
42%
3 1964, 1968, 1972 Lahti
42%
1 1924 Chamonix
39%
3 1936, 1940, 1960 Garmisch-Partenkirchen
39%
1 1968 Grenoble
36%
6 1932, 1948, 1952, 1956, 1968, 1980 Lake Placid
36%
4 1932, 1936, 1944, 1956 Montreal
36%
2 2014, 2022 Ałmaty
33%
2 1988, 1992 Falun
27%
2 2010, 2014 Salzburg
27%
5 1928, 1936, 1940, 1948, 1960 Sankt Moritz
27%
3 1992, 1994, 2014 Sofia
27%
1 1960 Squaw Valley
27%
1 1992 Albertville
24%
2 2002, 2026 Graz
24%
2 2002, 2006 Poprad
21%
1 2026 Erzurum
18%
1 2006 Klagenfurt
18%
2 1992, 1994 Anchorage
15%
2 1932, 1976 Denver
15%
1 1928 Davos
12%
1 2022 Lwów
12%
3 1994, 1998, 2002 Östersund
9%
4 1976, 2002, 2006, 2026 Sion
9%
1 1976 Tampere
9%
1 2018 Annecy
6%
1 2026 Åre
6%
1 1928 Engelberg
6%
1 2010 Harbin
6%
4 1998, 2002, 2010, 2014 Jaca
6%
1 2002 Quebec
6%
1 2010 Andora
3%
1 1998 Aosta
3%
1 2014 Bordżomi
3%
1 1956 Colorado Springs
3%
1 1932 Minneapolis
3%
1 1972 Banff
0%
1 1932 Bear Mountain
0%
1 1992 Berchtesgaden
0%
1 1932 Duluth
0%
2 1976, 1980 Garibaldi
0%
1 1984 Gothenburg
0%
1 2002 Tarvisio
0%
1 1932 Yosemite Valley
0%
Nie znaleziono quizów pasujących do podanych kryteriów
Rozkład punktacji
Procent ludzi z każdym wynikiem
Percentyl według liczby udzielonych odpowiedzi
Twoja historia wyników
Nie rozwiązałeś tego quizu